LIBRARY & INFORMATION CENTRE, KCAET, TAVANUR

ONLINE PUBLIC ACCESS CATALOGUE (OPAC)

OPTIMIZATION AND PHYSICOCHEMICAL CHARACTERIZATION OF ULTRASOUND-ASSISTED EXTRACTION OF COCOA BEAN SHELL POWDER (Record no. 19625)

MARC details
000 -LEADER
fixed length control field 00634nam a22002057a 4500
003 - CONTROL NUMBER IDENTIFIER
control field OSt
082 ## - DEWEY DECIMAL CLASSIFICATION NUMBER
Classification number 664
Item number NAZ/OP
088 ## - REPORT NUMBER
Report number P 650
100 ## - MAIN ENTRY--AUTHOR NAME
Personal name NAZRIN H
100 ## - MAIN ENTRY--AUTHOR NAME
Personal name HIBA P K
100 ## - MAIN ENTRY--AUTHOR NAME
Personal name NAVYA G
100 ## - MAIN ENTRY--AUTHOR NAME
Personal name ARDRA V R
100 ## - MAIN ENTRY--AUTHOR NAME
Personal name ABHINAND RAMESH
245 ## - TITLE STATEMENT
Title OPTIMIZATION AND PHYSICOCHEMICAL CHARACTERIZATION OF ULTRASOUND-ASSISTED EXTRACTION OF COCOA BEAN SHELL POWDER
260 ## - PUBLICATION, DISTRIBUTION, ETC. (IMPRINT)
Place of publication Tavanur
Name of publisher DEPARTMENT OF PROCESSING AND FOOD ENGINEERING
Year of publication 2025
700 ## - ADDED ENTRY--PERSONAL NAME
Personal name RAJESH G K
856 ## - ELECTRONIC LOCATION AND ACCESS
Uniform Resource Identifier http://14.139.181.140:8080/jspui/handle/123456789/2194
942 ## - ADDED ENTRY ELEMENTS (KOHA)
Koha item type Project Report
Holdings
Collection code Home library Current library Full call number Accession Number Koha item type
Reference KAUAET KAUAET 664 NAZ/OP P 650 Project Report
free website counter